| 000 | 00385nam a22001337a 4500 | ||
|---|---|---|---|
| 020 | _a9788121141434 | ||
| 082 |
_222 _a620.191 |
||
| 100 | _aReddy, E. Saibaba and Sastri, K. Rama. | ||
| 245 | _aMeasurement of engineering properties of soil / | ||
| 250 | _aNA | ||
| 260 |
_aNew Delhi, _bNew Age International Ltd, _cc2008. |
||
| 300 |
_aviii,229 p. ; _bill. ; _c24 cm. |
||
| 942 |
_2ddc _cCIVIL |
||
| 999 |
_c3264 _d3264 |
||